Animal housing - Statistics

General Stats
  • This quiz has been taken 7 times
    4 since last reset
  • The average score is 5 of 11
Answer Stats
Picture Answer % Correct
Stable
100%
Field
67%
Kennel
67%
Paddock
67%
Calf hutch
33%
Chicken Coop
33%
Cow Shed
33%
Field Shelter
33%
Pig Ark
33%
Sheep Pen
33%
Yard
33%
No matching quizzes found
Score Distribution
Percent of People with Each Score
Percentile by Number Answered
Your Score History
You have not taken this quiz since the last reset